|
|
|
|
| LEADER |
01275nem a2200373 4500 |
| 001 |
EBC3330232 |
| 003 |
MiAaPQ |
| 005 |
20200520144314.0 |
| 006 |
m o d | |
| 007 |
cr cn||||||||| |
| 008 |
101210s1997 xx s a s 0 eng d |
| 034 |
0 |
|
|a a
|
| 035 |
|
|
|a (MiAaPQ)EBC3330232
|
| 035 |
|
|
|a (Au-PeEL)EBL3330232
|
| 035 |
|
|
|a (CaPaEBR)ebr10016647
|
| 035 |
|
|
|a (OCoLC)842939945
|
| 040 |
|
|
|a MiAaPQ
|c MiAaPQ
|d MiAaPQ
|
| 050 |
|
4 |
|a G9344.N6 1997
|b N68
|
| 050 |
|
4 |
|a HE559.N425
|b N68 1997
|
| 052 |
|
|
|a 9344
|b N6
|
| 245 |
0 |
0 |
|a Noumea
|h [electronic resource].
|
| 246 |
3 |
|
|i Title from title screen:
|a Noumea port of call
|
| 255 |
|
|
|a Scale varies.
|
| 260 |
|
|
|a [S.l.] :
|b Maps.com,
|c c1997.
|
| 300 |
|
|
|a 1 online resource (1 map)
|
| 533 |
|
|
|a Electronic reproduction. Ann Arbor, MI : ProQuest, 2015. Available via World Wide Web. Access may be limited to ProQuest affiliated libraries.
|
| 650 |
|
0 |
|a Roads
|z New Caledonia
|z Noumea
|v Maps.
|
| 650 |
|
0 |
|a Harbors
|z New Caledonia
|v Maps.
|
| 651 |
|
0 |
|a Noumea (New Caledonia)
|v Maps.
|
| 651 |
|
0 |
|a Noumea (New Caledonia)
|
| 655 |
|
4 |
|a Electronic books.
|
| 710 |
2 |
|
|a Maps.com (Firm)
|
| 710 |
2 |
|
|a ProQuest (Firm)
|
| 856 |
4 |
0 |
|u https://ebookcentral.proquest.com/lib/matrademy/detail.action?docID=3330232
|z Click to View
|